Madagascar - Characters by Picture - Statistics

General Stats
  • This quiz has been taken 215 times
  • The average score is 23 of 130
Answer Stats
Picture Answer % Correct
Alex
98%
Marty
90%
Gloria
87%
King Julien XIII
83%
Melman
79%
Skipper
78%
Mort
71%
Kowalski
70%
Rico
69%
Maurice
67%
Private
66%
Moto Moto
54%
Mason
36%
Phil
36%
Captain Chantel DuBois
35%
Gia
33%
Vitaly
33%
Stefano
30%
Zuba
30%
Sonya
29%
Dave
28%
Nana
26%
Classified
25%
Makunga
24%
Eva
23%
Marlene
21%
Teetsi
21%
Alice
19%
Dr. Blowhole
18%
Clover
17%
Hans
16%
Joey
16%
Short Fuse
16%
Florrie
15%
Fred
15%
Mr. Chew
15%
The Red Squirrel
15%
Joe
14%
Officer X
14%
Xixi
14%
Corporal
13%
Esperanza / Esmerelda / Ernestina
13%
King Julien XII
13%
Pinky
13%
Princess Julienne
13%
Rhonda
13%
Ted
13%
The Rat King
13%
Crimson
12%
Karl
12%
Koto
12%
Sage Moondancer
12%
Willie
12%
Bada
11%
Dr. S
11%
Eggy
11%
Grandpa Mort
11%
Horst
11%
Maya
11%
Tammy
11%
Ted
11%
Todd
11%
Abner
10%
Bobby
10%
Burt
10%
Butterfish
10%
Circus Master
10%
Dorothy
10%
Hector
10%
Leonard
10%
Maggie
10%
Manu
10%
Mary-Ann
10%
Pam Simonsworthington
10%
Pancho
10%
Prince Barty
10%
Rob McTodd
10%
Roger
10%
The Amarillo Kid
10%
Timo
10%
Zora
10%
Andy Fairfax
9%
Becca
9%
Chuck Charles
9%
Clemson
9%
Doris
9%
Fred
9%
Jarsh-Jarsh
9%
Johnson
9%
Karen
9%
King Joey
9%
Lulu
9%
Masikura
9%
Max
9%
Mom-Bot
9%
Okapi
9%
Roy
9%
Special Agent Buck Rockgut
9%
Vigman Wildebeest
9%
Barry
8%
Captain Ethan
8%
Kitka
8%
Manfredi
8%
The Vesuvius Twins
8%
Archie
7%
Becky
7%
Blue Hen
7%
Brosalind
7%
Granny Squirrel
7%
Helen
7%
Lil' Arms Magee
7%
Mother Duck
7%
Randy
7%
Savio
7%
Darla
6%
Efficiet Charlie
6%
Hunter
6%
Pervis McSlade
6%
Shelly
6%
Uncle Nigel
6%
Clumsy Pete
5%
Comandante
5%
Dave
5%
Pickles
5%
Ant'ney
4%
Frances Alberta
4%
Lala
4%
Lucia
4%
Miss Perky
4%
Shawna W. Smith
4%
No matching quizzes found
Score Distribution
Percent of People with Each Score
Percentile by Number Answered
Your Score History
You have not taken this quiz